| 000 | 00543nab a2200205 4500 | ||
|---|---|---|---|
| 999 |
_c372381 _d372381 |
||
| 001 | 242935 | ||
| 003 | OSt | ||
| 005 | 20230420081135.0 | ||
| 007 | tu | ||
| 008 | 190522s2019||||||| | ||
| 040 |
_aDE-2950 _cDE-2950 |
||
| 245 | 0 | 0 |
_aAntisemitischer Angriff durch rechtsextreme Gruppe in Frankfurt./ _cJan Augustyniak |
| 264 | _c2022 | ||
| 500 | _aFormat: 1 | ||
| 525 | _aEnthaltene Fotografien: Foto | ||
| 653 | _aRechtsextremismus | ||
| 653 | _aGewalt | ||
| 773 | 0 |
_g19. November 2022 / Ausgabe 05.2022, S. 13 _tDer Rote Hahn |
|
| 942 |
_2z _cA |
||